Impact of National Culture on Innovation Activities of Companies: a Case of Germany, Austria, Switzerland and the Czech Republic

Analýza vplyvu národných kultúr na podnikateľské správanie, najmä pokiaľ ide o inovácie. Porovnávacia štúdia a hĺbková analýza kultúrnych vzťahov a inovačných aktivít.

Gespeichert in:
Bibliographische Detailangaben
1. Verfasser: Papula, Ján
Weitere Verfasser: Kohnová, Lucia, Papulová, Zuzana
Format: Buchkapitel
Sprache:Englisch
Schlagworte:
Tags: Tag hinzufügen
Keine Tags, Fügen Sie das erste Tag hinzu!

MARC

LEADER 00000nla a2200000 4500
001 0246888
005 20240417075143.0
041 0 |a eng 
044 |a UA 
245 1 0 |a Impact of National Culture on Innovation Activities of Companies: a Case of Germany, Austria, Switzerland and the Czech Republic  |c Ján Papula, Lucia Kohnová, Zuzana Papulová 
520 |a Analýza vplyvu národných kultúr na podnikateľské správanie, najmä pokiaľ ide o inovácie. Porovnávacia štúdia a hĺbková analýza kultúrnych vzťahov a inovačných aktivít. 
610 2 0 |a Česko 
610 2 0 |a Nemecko 
610 2 0 |a Švajčiarsko 
610 2 0 |a prostredie podnikateľské 
610 2 0 |a analýza komparatívna 
610 2 0 |a zvyklosti kultúrne 
610 2 0 |a správanie 
100 1 |a Papula, Ján 
700 1 |a Kohnová, Lucia 
700 1 |a Papulová, Zuzana